Channel Surfing Quiz Stats

 Plays Quiz Updated Jul 27, 2017

Also try: TV Network Logos
Challenge
Share
Tweet
Embed
Score 0/22 Timer 02:00
4 Plays Today
% Correct
FOX
84.4%
FOX
78.8%
NBC
78.4%
NBC
72.9%
NBC
72.1%
CBS
72.1%
CBS
72%
CBS
71%
FOX
69.4%
ABC
67.3%
ABC
66.9%
% Correct
CBS
66.7%
FOX
64.3%
CBS
63.3%
CBS
63%
FOX
60.9%
FOX
59.1%
ABC
54.6%
NBC
54.4%
NBC
53.2%
NBC
49.7%
ABC
45.4%

You're not logged in!

Compare scores with friends on all Sporcle quizzes.
Join for Free
OR
Log In

You Might Also Like...

Show Comments

Extras

Top Quizzes Today


Score Distribution

Your Account Isn't Verified!

In order to create a playlist on Sporcle, you need to verify the email address you used during registration. Go to your Sporcle Settings to finish the process.

Report this User

Report this user for behavior that violates our Community Guidelines.

Details: